000 00738cab a22002055a 4500
001 L138328
008 070530e2007 xxka f 000 0 eng d
035 _a(Sirsi) u138328
041 0 _aeng
100 1 _aWatson, Stuart
245 0 0 _aSpecial report
_bsheds
260 _c2007
490 0 _aProperty Week
_v72(23) 25 May 2007, 101-122(8)
520 _aDiscusses the sales of a large property portfolio, how the governments plans for empty rate relief will affect the shed sector, and how smaller companies fare in the competitive sheds market.
590 _aKA
650 2 4 _aRATING (EMPTY PROPERTIES) ACT 2007
651 4 _aUnited Kingdom
_y
690 _aPROPERTY-INDUSTRIAL PROPERTY-WAREHOUSE PROPERTY-WAREHOUSES
942 _n0
999 _c107127
_d107127